Perspectives in biological chemistry (Record no. 27765)

MARC details
000 -LEADER
fixed length control field 00426nam a2200169Ia 4500
082 ## - DEWEY DECIMAL CLASSIFICATION NUMBER
Classification number 577.1
Item number OLS
245 #0 - TITLE STATEMENT
Title Perspectives in biological chemistry
260 ## - PUBLICATION, DISTRIBUTION, ETC. (IMPRINT)
Place of publication New York
Name of publisher Marcel Dekker
Year of publication 1970
650 ## - SUBJECT ADDED ENTRY--TOPICAL TERM
Topical Term Biochemistry
650 ## - SUBJECT ADDED ENTRY--TOPICAL TERM
Topical Term Choline
650 ## - SUBJECT ADDED ENTRY--TOPICAL TERM
Topical Term Phosphorylase
650 ## - SUBJECT ADDED ENTRY--TOPICAL TERM
Topical Term Steroid hormone
650 ## - SUBJECT ADDED ENTRY--TOPICAL TERM
Topical Term Vitamin K
700 ## - ADDED ENTRY--PERSONAL NAME
Personal name OLSON, Robert E
942 ## - ADDED ENTRY ELEMENTS (KOHA)
Koha item type Books
Holdings
Withdrawn status Lost status Damaged status Not for loan Home library Current library Date acquired Full call number Accession Number Koha item type
        RRII Library RRII Library 16/12/2021 577.1 OLS 08381 Books